Принципы классификации и эффективного разрушения горных пород при разведочном бурении

Bibliographische Detailangaben
1. Verfasser: Любимов Н. И. Николай Иванович
Sprache:Russisch
Veröffentlicht: Москва, Недра, 1967
Schlagworte:
Format: Buch
KOHA link:https://koha.lib.tpu.ru/cgi-bin/koha/opac-detail.pl?biblionumber=275766

MARC

LEADER 00000nam0a2200000 4500
001 275766
005 20231101234845.0
035 |a (RuTPU)RU\TPU\book\299017 
090 |a 275766 
100 |a 20141117d1967 k y0rusy50 ca 
101 0 |a rus 
102 |a RU 
105 |a a z 001zy 
200 1 |a Принципы классификации и эффективного разрушения горных пород при разведочном бурении  |f Н. И. Любимов 
210 |a Москва  |c Недра  |d 1967 
215 |a 319 с.  |c ил. 
320 |a Библиогр.: с. 310-316. 
606 1 |a Бурение разведочное  |2 stltpush  |3 (RuTPU)RU\TPU\subj\67672  |9 83393 
610 1 |a горные породы 
610 1 |a физико-механические свойства 
610 1 |a вещественный состав 
610 1 |a структура 
610 1 |a свойства 
610 1 |a классификация 
610 1 |a разрушение 
675 |a 550.822.7  |v 3 
700 1 |a Любимов  |b Н. И.  |g Николай Иванович 
801 1 |a RU  |b 63413507  |c 20141117 
801 2 |a RU  |b 63413507  |c 20150331  |g RCR 
942 |c BK